Buried waste in the seabed : acoustic imaging and bio-toxicity : results from the European SITAR Project

Αποθηκεύτηκε σε:
Λεπτομέρειες βιβλιογραφικής εγγραφής
Άλλοι συγγραφείς: Blondel, Philippe (Επιμελητής έκδοσης), Caiti, A. (Andrea) (Επιμελητής έκδοσης)
Μορφή: Βιβλίο
Γλώσσα:English
Δημοσίευση: Berlin : Chichester, UK : Springer, In association with Praxis Publishing, c2007
Σειρά:Springer-Praxis books in geophysical sciences
Θέματα:
Ετικέτες: Προσθήκη ετικέτας
Δεν υπάρχουν, Καταχωρήστε ετικέτα πρώτοι!

MARC

LEADER 00000nam a2200000 i 4500
001 1/95401
008 081014s2007 eng d
020 |a 978-3-540-28120-7 
020 |a 3-540-28120-7 
035 |l 10100883 
040 |a GR-MY-UA  |b gre  |e aacr 
041 0 |a eng 
082 0 |a 363.738  |2 (22) 
245 1 0 |a Buried waste in the seabed :  |b acoustic imaging and bio-toxicity : results from the European SITAR Project /  |c [edited by] Philippe Blondel and Andrea Caiti 
260 |a Berlin :   |a Chichester, UK :   |b Springer,   |b In association with Praxis Publishing,   |c c2007 
300 |a xxiv, 202 σ., [32] φύλλα πινάκων;  |b έγχρ. εικ.;  |c 25 εκ. 
490 1 |a Springer-Praxis books in geophysical sciences 
504 |a Βιβλιογραφία: σ. [189]-196 
504 |a Ευρετήριο: σ. [197]-202 
650 0 0 |a Waste disposal in the ocean. 
650 0 0 |a Radioactive waste disposal under the seabed. 
650 0 0 |a Hazardous waste sites. 
650 0 0 |a Hazardous wastes  |x Tracking. 
700 1 |a Blondel, Philippe.  |4 edt 
700 1 |a Caiti, A.  |q (Andrea)  |4 edt 
830 0 |a Springer-Praxis books in geophysical sciences 
852 |a INST  |b LESVOS  |e 20081014  |h 363.738 BUR  |p 005100043264  |q 005100043264  |t BK  |y 0 
901 |a BIBL1-2008-3 
909 |a Λ  |b 145141 
922 |a 1ΕΛΗ  |b 200801  |c ΕΠΕΑΕΚ2/ΤΕΘ  |d ΕΛΕΥΘΕΡΟΥΔΑΚΗΣ 
970 |a ΚΑΡΑ  |b ΓΙΑΣΕΜΗ  |z 2008/10/14